000 01192nam a22003377a 4500
003 CHAP
005 20220817043325.0
008 971013s1993 r 00010 d
010 _a71848
011 _a72820
035 _a82376
040 _cCHAP
090 _aFolleto 14298
100 0 0 _aViñuela, Elisa.
_9119900
245 _aPlagas de los productos almacenados
260 _aMadrid :
_bMinisterio de Agricultura Pesca y Alimentación,
_c1993
300 _a31 p.
_b: ilus.
490 _aMinisterio de Agricultura, Pesca y Alimentación. Hojas divulgadoras
_v; 1/93
590 _aBATCH-UPD
_b10
_c20130110
_lUCH01
_h0835
590 _aBATCH-UPD
_b10
_c20130410
_lUCH01
_h0513
590 _aBATCH-UPD
_b10
_c20130914
_lUCH01
_h0026
590 _aCONVERSION
_b10
_c20130109
_lUCH01
_h1339
650 1 4 _aAgricultura
_xPlagas.
_91764
650 1 4 _aControl de plagas.
_927595
650 1 4 _aProductos agrícolas
_xAlmacenamiento.
_991897
830 0 _aMinisterio de Agricultura, Pesca y Alimentación. Hojas divulgadoras
_v; 1/93
901 _aBK
942 _cFOLL
949 _aFolleto 14298
_bBC
_cFOLL
_d-36405
_eTS1
_i82376
_si
949 _aFolleto 14298
_bBC
_cFOLL
_d-36406
_eTS2
_fc.2
_i82376
_si
999 _c71848
_d71848